000
00352nam a22001217a 4500
040
_c
HS
082
_a
910
100
_a
អ៊ូ វ័ឌី
245
_a
ភូមិវិទ្យាសេដ្ឋកិច្ចកម្ពុជា និងអាស៊ាន
260
_a
Cambodia
_b
អ៊ូ វ័ឌី
_c
1970
300
_a
62p;
942
_c
KB
999
_c
9302
_d
9302